| 000 | 01046pam a2200313 a 4500 | ||
|---|---|---|---|
| 999 |
_c49095 _d49095 |
||
| 001 | 3805703 | ||
| 005 | 20191211082403.0 | ||
| 008 | 850808s1985 enka b 001 0 eng | ||
| 010 | _a 85019930 | ||
| 020 |
_a090745951X : _c$24.95 |
||
| 020 |
_a0907459528 (pbk.) : _c$10.95 |
||
| 040 |
_aDLC _cDLC _dDLC |
||
| 043 | _aa-is--- | ||
| 100 | 1 | _aFrick, Frank S. | |
| 245 | 1 | 4 |
_aThe formation of the state in ancient Israel : _ba survey of models and theories / _cFrank S. Frick. |
| 260 |
_aSheffield, England ; _aDecatur, GA, U.S.A. : _bAlmond, _cc1985. |
||
| 300 |
_a219 p. : _bill. ; _c23 cm. |
||
| 336 | _atext | ||
| 337 | _aunmediated | ||
| 338 | _avolume | ||
| 440 | 4 |
_aThe Social world of biblical antiquity series, _x0265-1408 ; _v4 |
|
| 500 | _aIncludes indexes. | ||
| 504 | _aBibliography: p. 205-216. | ||
| 630 | 0 | 0 |
_aBible. _pOld Testament _xCriticism, interpretation, etc. |
| 650 | 0 | _aPolitics in the Bible. | |
| 650 | 0 |
_aJews _xPolitics and government _yTo 70 A.D. |
|
| 650 | 0 | _aAgriculture in the Bible. | |
| 942 |
_2lcc _cBK |
||